Featured Quizzes - Sudden Death #1 - Statistics

General Stats
  • This quiz has been taken 286 times
    215 since last reset
  • The average score is 2 of 20
Answers on the Grid
Answers color-coded by a green-red scale on the quiz's grid according to % correct below.
U.S. Vice Presidents in History
Space Jam Starting Lineups
Ecclesiastes - "To Every Thing There Is a Season"
Rat Pack Members
Islands of the Galápagos
Bald People – Real and Fictional
The United States Navy
Monks and Nuns
Sushi by Picture 🍣
Pord Wuzzle
Apple Mac OS X Codenames
Will Smith : A National Concern
American TV Moms
Indiana Jones
World Bee Day Quiz
50 Biggest Cities in Nordic Countries on a Blank Map
Top 10 U.S. States by Percent Born in State
If Football Clubs Had Flags
Turkey (The Bird)
Random Oceania Country to Capital
Diseases: Contagious... or Not?
Where Do Musk Oxen Live?
Naruto Characters
Win the Presidential Election in 15 Seconds
Countries that Start with Q
AP Brainrot Quiz
Did Kanye or Hitler say it?
IMDb Top 250 Movies
NBA Players by Emoji
Permanent Members of the United Nations Security Council
Crossword - Cities
American Pie by Don McLean (All 868 Lyrics!)
Prove You're Not a Robot
Star Wars Venn Diagram
Name All Members of the Dream SMP
 
Answer Stats
Answer % Correct
Sushi by Picture 🍣
29%
U.S. Vice Presidents in History
22%
Top 10 U.S. States by Percent Born in State
14%
If Football Clubs Had Flags
12%
Space Jam Starting Lineups
12%
American TV Moms
10%
Indiana Jones
8%
Rat Pack Members
8%
The United States Navy
8%
Where Do Musk Oxen Live?
8%
50 Biggest Cities in Nordic Countries on a Blank Map
6%
Bald People – Real and Fictional
6%
Ecclesiastes - "To Every Thing There Is a Season"
6%
Monks and Nuns
6%
Pord Wuzzle
6%
World Bee Day Quiz
6%
Islands of the Galápagos
4%
Turkey (The Bird)
4%
Will Smith : A National Concern
4%
Apple Mac OS X Codenames
2%
No matching quizzes found
Score Distribution
Percent of People with Each Score
Percentile by Number Answered
Your Score History
You have not taken this quiz since the last reset